Retrouvez l'alias #1 - Statistiques

Statistiques générales
  • Ce quiz a été pris 131 fois
    40 depuis la dernière actualisation
  • Le résultat moyen est 12 sur 50
Statistiques - réponses
Nom Alias % Correct
Peter Parker Spider-Man
100%
Bruce Wayne Batman
92%
Tony Stark Iron Man
89%
Anakin Skywalker Dark Vador
86%
James Bond 007
83%
Tom Elvis Jedusor Voldemort
81%
Peter Quill Star-Lord
50%
Scott Lang Ant-Man
44%
Wanda Maximoff La Sorcière Rouge
42%
Peregrin Touque Pippin
39%
Matt Murdock Daredevil
36%
Harleen Quinzel Harley Quinn
36%
Edward Newgate Barbe Blanche
33%
Edmond Dantès Le Comte de Monte-Cristo
33%
Jean Grey Le Phénix
31%
Tony Montana Scarface
31%
Expérience 626 Stitch
25%
Hal Jordan Green Lantern
22%
Sandor Clegane Le Limier
22%
Frank Castle Le Punisher
19%
Erik Lehnsherr Magnéto
19%
James Rhodes War Machine
19%
T'Challa La Panthère Noire
17%
Johnny Blaze Le Ghost Rider
17%
Ivo Robotnik Eggman
14%
Michael J. Dundee Crocodile Dundee
11%
Robert Parr M. Indestructible
11%
Thomas A. Anderson Neo
11%
Jane Hopper Onze
11%
Tenko Shimura Tomura Shigaraki
11%
Jérôme Fandor Fantômas
8%
Lelouch Lamperouge Zero
8%
Shinichi Kudo Conan Edogawa
6%
Robert Lafondue Fatal Bazooka
6%
Dan Humphrey Gossip Girl
6%
Beatrix Kiddo La Mariée
6%
Jake Long L'American Dragon
6%
Oroku Saki Shredder
6%
Tommy Cornichon Casse-bonbon
3%
John Merrick L'homme-éléphant
3%
Tiquette Maria
3%
Alex Murphy RoboCop
3%
Walter Joseph Kovacs Rorschach
3%
Kevin Brown Agent K
0%
Gary Unwin Eggsy
0%
Waldo Schaeffer Franz Hopper
0%
Bubba Sawyer Leatherface
0%
Tarrant Hightopp Le Chapelier Fou
0%
Anne de Breuil Milady de Winter
0%
Al Simmons Spawn
0%
Aucun quiz correspondant
Distribution des résultats
% des personnes avec chaque résultat
Percentile par nombre de réponses
Votre historique - résultats
Vous n’avez pas pris ce quiz depuis la dernière actualisation